El americano impasible /

Guardado en:
Autor Principal: Greene, Graham
Formato: Libro
Publicado: Barcelona : RBA, 1993.
Series:Narrativa Actual; 23
Materias:
Etiquetas: Agregar Etiqueta
Sin Etiquetas, Sea el primero en etiquetar este registro!
LEADER 00796nam a22002775a 4500
001 CEM.cems019067
008 220530s1993##################000#0#####d
005 20220530193655.0
003 CEMS
245 1 0 |a El americano impasible /  |c Graham Greene. 
260 |a Barcelona :  |b RBA,  |c 1993. 
300 |a 252 p. 
490 0 |a Narrativa Actual; 23 
500 |a Título original: The quiet american. 
500 |a Traducido por J. R. Wilcock. 
020 |a 8447300226 
100 1 |a Greene, Graham 
082 0 4 |a 823.9 
653 |a Literatura 
653 |a Literatura inglesa -siglo xx 
653 |a Novela 
653 |a Suspenso 
653 |a Novela inglesa-siglo xx 
653 |a Novela de suspenso 
653 |a Narrativa inglesa 
859 |a CEMS  |b BIB. CEMS - 11 de abril  |h 823.9  |i G821-5  |p 29311.22  |t Ej. 1